000 00995nam a22001937a 4500
008 100705s1967 xxu||||| |||| 00| 0 ara d
082 _222
_a320.9
_bأ و ك
100 1 _915913
_aأوكونور ، هارفي
245 _aالأزمة العالمية في البترول /
_cهارفي أوكونور ؛ ترجمة عمر مكاوي ؛ مراجعة راشد البراوى
260 _aالقاهرة :
_bدار الكاتب العربي ،
_c1967.
300 _a519 ص :
_bايض ؛
_c24 سم.
504 _aيحتوي على إرجاعات ببليوجرافية
541 _aألف باء ؛
_cشراء ؛
650 _915920
_aالبترول
_xالجوانب السياسية
700 _915914
_aمكاوي ، عمر
_eترجمة
700 _915915
_aراشد ، البراوي
_eمراجعة
942 _2ddc
_cBB
999 _c14381
_d14381